000 00562nam a2200229Ia 4500
003 OSt
005 20221005113633.0
006 a|||||r|||| 00| 0
007 ta
008 221004b |||||||| |||| 00| 0 kan d
024 _a58880
037 _cTextual
040 _aCRL
_cCRL
_bkan
041 _2kan
_akan
082 _aXNwN04,1, 32J9.2
100 _aGopalan Au.
_9624694
245 0 _aAathmakatha
260 _c1959
650 _aECONOMICS
942 _hXNwN04,1, 32J9.2
_cTEXL
_2cc
999 _c1028832
_d1028832